00662 2200241 4500001002100000005001500021035002000036007000300056008004100059020001800100082001000118084001400128100003300142245008100175250001000256260003700266300002300303650002700326700001700353700002800370990001100398990001100409INLIS00000000000330820190608021214 a0010-0619000057ta190608 g 0 ind  a9786026657299 a621.1 a621.1 KAM0 aKAMUS, Teknik Otomotif Mesin1 aKamus Teknik Otomotif & Mesin /cBright Learning Center; editor, Puput Alvia acet.1 a[s.l] :bBright Publisher,c2017 a152 hlm. ;c21 cm. 4aOTOMOTIF.KAMUS ISTILAH0 aPUPUT, Alvia0 aBRIGHT, Learning Center a6634 a a6634 b